[Event "Montpellier op-B"]
[Site "Montpellier"]
[Date "2001.??.??"]
[Round "3.1"]
[White "Dezan, Pierre"]
[Black "Ben Cherifa, Nabil"]
[Result "1-0"]
[WhiteElo "2154"]
[BlackElo "1999"]
[PlyCount "67"]
[EventDate "2001.??.??"]
[EventType "swiss"]
[EventRounds "7"]
[EventCountry "FRA"]
[SourceTitle "EXT 2003"]
[Source "ChessBase"]
[SourceDate "2002.11.25"]
[SourceVersion "1"]
[SourceVersionDate "2002.11.25"]
[SourceQuality "1"]

1. Nf3 Nf6 2. b3 g6 3. Bb2 Bg7 4. g3 d6 5. d4 Nbd7 6. Bg2 0-0 7. 0-0 c5 8. c4 Rb8 9. Nc3 a6 10. dxc5 Nxc5 11. Nd4 Qa5 12. e3 Bd7 13. a3 Ne6 14. b4 Qe5 15. Re1 Nc7 16. h3 Nfe8 17. Ne4 Qh5 18. g4 Qh6 19. f4 e5 20. g5 Qh5 21. Qxh5 gxh5 22. Ne2 f5 23. gxf6 Nxf6 24. Nxd6 exf4 25. Nxf4 Bc6 26. Bxc6 bxc6 27. Nf5 Nfe8 28. Ne7+ Kf7 29. Bxg7 Nxg7 30. Nxc6 Rb6 31. Ne5+ Ke8 32. Rad1 Nge6 33. Nd7 Rg8+ 34. Kh1 1-0